John Ford (Record no. 123649)
[ view plain ]
| 000 -LEADER | |
|---|---|
| fixed length control field | 00507nam a22001577a 4500 |
| 008 - FIXED-LENGTH DATA ELEMENTS--GENERAL INFORMATION | |
| fixed length control field | 151028b xxu||||| |||| 00| 0 eng d |
| 050 ## - LIBRARY OF CONGRESS CALL NUMBER | |
| Classification number | PR2522.E5 1957 |
| 100 ## - MAIN ENTRY--PERSONAL NAME | |
| Personal name | Ford, John |
| 9 (RLIN) | 20648 |
| 245 ## - TITLE STATEMENT | |
| Title | John Ford |
| Remainder of title | Five Plays |
| Statement of responsibility, etc | edited, with an introduction and notes by Havelock Ellis |
| 260 ## - PUBLICATION, DISTRIBUTION, ETC. (IMPRINT) | |
| Place of publication, distribution, etc | New York |
| Name of publisher, distributor, etc | Hill and Wang, Inc. |
| Date of publication, distribution, etc | 1957 |
| 300 ## - PHYSICAL DESCRIPTION | |
| Extent | xvi, 427p. ; |
| Dimensions | 18cm. |
| 600 ## - SUBJECT ADDED ENTRY--PERSONAL NAME | |
| Personal name | Ford, John |
| 9 (RLIN) | 20648 |
| 600 ## - SUBJECT ADDED ENTRY--PERSONAL NAME | |
| Personal name | Ellis, Havelock |
| 9 (RLIN) | 20649 |
| 700 ## - ADDED ENTRY--PERSONAL NAME | |
| Personal name | Ellis, Havelock |
| Relator term | ed. |
| 9 (RLIN) | 20649 |
| 942 ## - ADDED ENTRY ELEMENTS (KOHA) | |
| Source of classification or shelving scheme | Library of Congress Classification |
| Item type | Monograph ( Printed materials) |
| Withdrawn status | Lost status | Source of classification or shelving scheme | Damaged status | Not for loan | Collection code | Home library | Current library | Shelving location | Date acquired | Total Checkouts | Full call number | Barcode | Date last seen | Price effective from | Koha item type |
|---|---|---|---|---|---|---|---|---|---|---|---|---|---|---|---|
| Library of Congress Classification | Main Collection | ARRUPE LIBRARY | ARRUPE LIBRARY | Main Collection | 28/10/2015 | PR2522.E5 1957 | 46500005309 | 28/10/2015 | 28/10/2015 | Monograph ( Printed materials) |